| 000 | 00373nam a2200133Ia 4500 | ||
|---|---|---|---|
| 008 | 231129s9999||||xx |||||||||||||| ||spa|| | ||
| 020 | _a84-7232-546-6 | ||
| 040 | _bspa | ||
| 082 | _aM863 P842r | ||
| 100 | _aPortal Marta | ||
| 245 | 0 | _aRulfo: dinĂ¡mica de la violencia | |
| 264 | _aEdiciones de Cultura Hispanica | ||
| 942 |
_2ddc _cBKS |
||
| 999 |
_c24211 _d24211 |
||